000 00621nam a2200181Ia 4500
003 GCL
005 20240530105118.0
008 140319s9999 xx 000 0 ara d
040 _aGCL /
_cGCL
082 0 4 _a811
_bس ص
100 1 _aساسين سيمون عساف
245 1 0 _aالصورة الشعرية ونماذجها فى ابداع ابى نواس /
_cساسين سيمون عساف
260 _a[S.N] :
_bالمؤسسة الجامعية للدراسات والنشر والتوزيع ،
_c1982
300 _a151 ص
650 0 4 _aالشعر العربى
650 0 4 _aتاريخ ونقد
942 _2ddc
_cBK
999 _c53252
_d53252